L'invenzione retorica.

Contenido: - Introduzione. - Libro primo. - Libro secondo. - Piano dell'opera.

Tallennettuna:
Bibliografiset tiedot
Päätekijä: Cicerone, Marco Tullio (autore)
Muut tekijät: Pacitti, Amedeo (a cura di)
Aineistotyyppi: Kirja
Kieli:englanti
Julkaistu: Firenze, Italia: Arnoldo Mondadori, 1967.
Painos:I edizione.
Sarja:Tutte le opere di Cicerone, 14.
Aiheet:
Tagit: Lisää tagi
Ei tageja, Lisää ensimmäinen tagi!

MARC

LEADER 00000nam a22000007a 4500
003 CL-VaPUC
005 20220822114441.0
008 220324t1967 ||||| |||| 00| 0 eng d
999 |c 435121  |d 435119 
040 |c Pontificia Universidad Católica de Valparaíso 
082 7 |a 875.01 CIC 1967  |2 22 
100 |a Cicerone, Marco Tullio   |9 867697  |e autore 
245 2 |a L'invenzione retorica.  
250 |a I edizione.  
260 |a Firenze, Italia:   |b Arnoldo Mondadori,   |c 1967. 
300 |a 322 páginas: tablas. 
490 |a Tutte le opere di Cicerone,   |v  14. 
500 |a c.1 Donación Familia Prof. Alejandro Guzmán Brito. 
520 |a Contenido: - Introduzione. - Libro primo. - Libro secondo. - Piano dell'opera. 
583 |c 20220324  |k Yessy Stephany Diaz Vidal 
650 |a Retórica latina  |9 869576 
700 |a Pacitti, Amedeo   |e a cura di   |9 867699 
942 |2 ddc  |c BK  |n 0 
952 |0 0  |1 0  |2 ddc  |4 0  |6 875_010000000000000_CIC_1967  |7 0  |8 C_AGB  |9 582126  |a BIBDER  |b BIBDER  |d 2022-03-24  |e Donación   |i 5650360  |o 875.01 CIC 1967  |p 5650360  |r 2023-01-25  |t 1  |w 2022-03-24  |y BK_US  |k AGB